| 000 | 02483nam a2200517 i 4500 | ||
|---|---|---|---|
| 001 | in503322293 | ||
| 003 | Ingram | ||
| 005 | 20250611182248.0 | ||
| 008 | 241023s2024 nyua c 6 000 0 eng d | ||
| 020 |
_a9780593622162 _q(hardcover) |
||
| 020 |
_a9780593622179 _q(paperback) |
||
| 020 | _a9781536489422 | ||
| 020 | _a1536489425 | ||
| 035 | _a(OCoLC)1463572371 | ||
| 040 |
_aTnLvILS _beng _erda _cTnLvILS _dTnLvILS |
||
| 041 | 0 | _aeng | |
| 043 | _an-us--- | ||
| 092 | _aJGN | ||
| 100 | 1 |
_aBrallier, Max, _eauthor, _ecreator. _95723194 |
|
| 245 | 1 | 4 |
_aThe last kids on Earth : _bthe graphic novel / _cMax Brallier ; art by Brian Churilla ; adapted by Scott Peterson ; co-inker, Victor Alpi ; colors by Gonzalo Duarte. |
| 246 | 3 |
_aLast kids on Earth. _n1. |
|
| 264 | 1 |
_aNew York, New York : _bViking, an imprint of Penguin Random House LLC, _c2024. |
|
| 300 |
_a208 pages : _bchiefly color illustrations ; _c23 cm |
||
| 336 | _atext | ||
| 337 | _aunmediated | ||
| 338 | _avolume | ||
| 520 | _a"Ever since the monster apocalypse hit town, average thirteen-year-old Jack Sullivan has been living in his tree house, which he's armed to the teeth with catapults and a moat, not to mention video games and an endless supply of Oreos and Mountain Dew scavenged from abandoned stores. But Jack alone is no match for the hordes of Zombies and Winged Wretches and Vine Thingies, and especially not for the eerily intelligent monster known only as Blarg. So Jack builds a team..."-- | ||
| 521 | 1 | _a08-12. | |
| 521 | 2 | _a03-07. | |
| 650 | 0 |
_aSurvival _vComic books, strips, etc. _95803428 |
|
| 650 | 0 |
_aFriendship _vComic books, strips, etc. _95688309 |
|
| 650 | 0 |
_aMonsters _vComic books, strips, etc. _95692737 |
|
| 650 | 0 |
_aZombies _vComic books, strips, etc. _95709987 |
|
| 650 | 0 |
_aTree houses _vComic books, strips, etc. _96421144 |
|
| 650 | 0 |
_aComic books, strips, etc. _zUnited States. _95689273 |
|
| 655 | 7 |
_aApocalyptic comics. _2lcgft. _96477186 |
|
| 655 | 7 |
_aAction and adventure comics. _2lcgft. _95716592 |
|
| 655 | 7 |
_aComics (Graphic works) _2lcgft. _95689343 |
|
| 655 | 7 |
_aGraphic novels. _2lcgft. |
|
| 700 | 1 |
_aChurilla, Brian, _eillustrator. _96484917 |
|
| 700 | 1 |
_aPeterson, Scott, _d1968- _eadaptor. _96255710 |
|
| 700 | 1 |
_aAlpi, Victor, _eillustrator. _96546241 |
|
| 700 | 1 |
_aDuarte, Gonzalo _c(Colorist), _ecolorist. _96475374 |
|
| 730 | 0 |
_aLast kids on Earth (Television program) _96546242 |
|
| 942 |
_2ddc _cBOOK |
||
| 999 |
_c408919 _d408919 |
||